Η θέση της Ελλάδας στο διεθνές, ευρωπαϊκό και περιφερειακό σύστημα : ιστορικές εννοιολογήσεις και σύγχρονη πραγματικότητα
Αποθηκεύτηκε σε:
| Κύριος συγγραφέας: | |
|---|---|
| Μορφή: | Βιβλίο |
| Γλώσσα: | Greek |
| Δημοσίευση: |
[Αθήνα] :
Θεμέλιο,
[2007]
|
| Σειρά: | Βιβλιοθήκη ευρωπαϊκών θεμάτων
|
| Θέματα: | |
| Ετικέτες: |
Προσθήκη ετικέτας
Δεν υπάρχουν, Καταχωρήστε ετικέτα πρώτοι!
|
MARC
| LEADER | 00000cam a2200000 i 4500 | ||
|---|---|---|---|
| 001 | 1/96606 | ||
| 008 | 081105s2007 gre d | ||
| 020 | |a 978-960-310-325-7 | ||
| 035 | |l 10101404 | ||
| 040 | |a GR-MY-UA |b gre |e aacr | ||
| 041 | 0 | |a gre | |
| 082 | 0 | |a 327.49504 |2 (22) | |
| 100 | 1 | |a Ιωακειμίδης, Παναγιώτης Κ. | |
| 245 | 1 | 2 | |a Η θέση της Ελλάδας στο διεθνές, ευρωπαϊκό και περιφερειακό σύστημα : |b ιστορικές εννοιολογήσεις και σύγχρονη πραγματικότητα / |c Π.Κ. Ιωακειμίδης |
| 260 | |a [Αθήνα] : |b Θεμέλιο, |c [2007] | ||
| 300 | |a 210 σ.; |c 21 εκ. | ||
| 490 | 1 | |a Βιβλιοθήκη Ευρωπαϊκών θεμάτων | |
| 504 | |a Βιβλιογραφία: σ. [193]-207 | ||
| 610 | 2 | 0 | |a European Union |z Greece. |
| 651 | 0 | |a Greece |x Relations. | |
| 830 | 0 | |a Βιβλιοθήκη ευρωπαϊκών θεμάτων | |
| 852 | |a INST |b RHODES |e 20081105 |h 327.49504 ΙΩΑ |p 005400031154 |q 005400031154 |t BK |y 0 | ||
| 901 | |a BIBL4-2008-3 | ||
| 909 | |a Ρ |b 153557 | ||
| 970 | |a ΧΑΡΙΟΠΟΛΙΤΟΥ |b ΚΩΝΣΤΑΝΤΙΝΑ |z 2008/11/05 | ||